00398nam a2200169Ia 4500003000400000005001700004008004100021040000700062041000800069082001600077100001800093245005500111260002000166300000900186650001400195700001900209OSt20251212124234.0250729s2005 xx 000 0 und d cAL aeng a370.78 RAHE aRahman Azibur aEducation and rehabitation of mentally handicapped aNew Delhic2005 a155p aEducation aRao Digumurthi